Guadalajara, sus monumentos /

Colección centrada en dar cuenta de la riqueza humana, artística, cultural y natural de la ciudad de Guadalajara, acompañado cada texto de múltiples fotografías. Carece de un título propiamente dicho, de modo que se le ha asignado uno que la describa.

Guardado en:
Bibliografiske detaljer
Hovedforfatter: González Casillas, Magdalena (texto)
Andre forfattere: Gutiérrez, Francisco (fotógrafo) (fotógrafo), Monticelli, Mauricio (fotógrafo) (fotógrafo), Martínez Réding, Fernando (dirección) (dirección)
Format: Bog
Sprog:spansk
Udgivet: Guadalajara, México : Ayuntamiento de Guadalajara, 1981, c1981
Serier:(Guadalajara y su Patrimonio)
Fag:
Tags: Tilføj Tag
Ingen Tags, Vær først til at tagge denne postø!

MARC

LEADER 00000nam^a2200000^a^4500
001 000420139
005 20250526000000.0
009 20260526144308.9
037 |a Acervo ITESO - Biblioteca 
041 |a ESP 
082 |a 972. 352  |b GUA V. 4 
100 |a González Casillas, Magdalena  |e (texto) 
240 1 1 |a [Guadalajara y su patrimonio] 
245 1 0 |a Guadalajara, sus monumentos /  |c Texto de M. González Casillas ; fotografía de F. Gutiérrez, M. Monticelli ; dir. de F. Martínez Réding. 
246 2 |a Título en la cubierta: Guadalajara: sus monumentos 
264 4 |a Guadalajara, México :  |b Ayuntamiento de Guadalajara,  |c 1981, c1981 
300 |a 127 p. ;  |c 25.5 cm. 
336 |a texto  |b txt  |2 rdacontenido 
337 |a sin mediación  |b n  |2 rdamedio 
338 |a volumen  |b nc  |2 rdasoporte 
440 1 |a (Guadalajara y su Patrimonio) 
520 |a Colección centrada en dar cuenta de la riqueza humana, artística, cultural y natural de la ciudad de Guadalajara, acompañado cada texto de múltiples fotografías. Carece de un título propiamente dicho, de modo que se le ha asignado uno que la describa. 
649 |a XX 
650 |a Monumentos Conmemorativos -  |z Guadalajara, Jalisco -  |x Tema Principal 
650 |a Monumentos Conmemorativos -  |z México 
650 |a Escultura Urbana -  |z Guadalajara, Jalisco -  |x Tema Principal 
650 |a Escultura Urbana -  |z México 
650 |a Escultura Jalisciense -  |x Historia y Crítica 
650 |a Escultura Mexicana -  |x Historia y Crítica 
650 |a Arte Jalisciense -  |x Historia y Crítica 
650 |a Arte Mexicano -  |x Historia y Crítica 
650 |a Guadalajara, Jalisco -  |x Tema Principal 
650 |a Guadalajara, Jalisco -  |x Fotografías 
650 |a Guadalajara, Jalisco -  |x Descripción 
650 |a Guadalajara, Jalisco -  |x Historia 
650 |a México -  |x Fotografías 
650 |a México -  |x Descripción 
650 |a México -  |x Historia 
700 |a Gutiérrez, Francisco  |e (fotógrafo) 
700 |a Monticelli, Mauricio  |e (fotógrafo) 
700 |a Martínez Réding, Fernando  |e (dirección) 
910 |a Fondo Alfonso de Alba Martín 
920 |a Impresos - Libros 
930 |a Libros Antiguos y Raros 
905 |a 125 
901 |a 0500340418  |b IT2  |c LRA  |i D96772  |u 20250526 
901 |a 0500350068  |b IT2  |c LRA  |i D99879  |u 20250526 
902 |a https://opac.biblio.iteso.mx/vufind/Record/000420139